Dyslexia and foreign language learning /

Bibliographic Details
Main Author: Schneider, Elke
Corporate Authors: British Dyslexia Association, NetLibrary, Inc
Other Authors: Crombie, Margaret
Format: eBook
Language:English
Published: London : David Fulton, 2003.
Subjects:
Online Access:Connect to the full text of this electronic book

MARC

Tag First Indicator Second Indicator Subfields
LEADER 00000cam a2200000Ia 4500
001 in00002000583
005 20220105141711.0
006 m d
007 cr cnu---unuuu
008 040320s2003 enk sb 000 0 eng d
020 |a 1417501197 (electronic bk.) 
035 |a (OCoLC)ocm54776181 
040 |a N$T  |c N$T  |d OCLCQ  |d UtOrBLW 
043 |a e-uk--- 
049 |a IKMN 
050 1 4 |a LC4710.G7  |b S3 2003eb 
082 0 4 |a 371.9144465  |2 22 
100 1 |a Schneider, Elke.  |0 http://id.loc.gov/authorities/names/n99030578 
245 1 0 |a Dyslexia and foreign language learning /  |c Elke Schneider and Margaret Crombie. 
264 1 |a London :  |b David Fulton,  |c 2003. 
300 |a 1 volume 
336 |a text  |b txt  |2 rdacontent 
337 |a computer  |b c  |2 rdamedia 
338 |a online resource  |b cr  |2 rdacarrier 
500 |a At head of cover: British Dyslexia Association. 
504 |a Includes bibliographical references. 
533 |a Electronic reproduction.  |b Boulder, Colo. :  |c NetLibrary,  |d 2004.  |n Available via World Wide Web.  |n Access may be limited to NetLibrary affiliated libraries. 
500 |a Electronic resource. 
650 0 |a Dyslexic children  |x Education  |z Great Britain. 
650 0 |a Language and languages  |x Study and teaching (Secondary)  |z Great Britain. 
655 7 |a Electronic books.  |2 local 
700 1 |a Crombie, Margaret.  |0 http://id.loc.gov/authorities/names/nb2001025623 
710 2 |a British Dyslexia Association.  |0 http://id.loc.gov/authorities/names/n93110923 
710 2 |a NetLibrary, Inc.  |0 http://id.loc.gov/authorities/names/no99080690 
776 1 |c Original  |z 1853469661  |w (OCoLC)52231775 
856 4 1 |u https://proxy.library.tamu.edu/login?url=http://www.netLibrary.com/urlapi.asp?action=summary&v=1&bookid=104616  |z Connect to the full text of this electronic book  |t 0 
994 |a 92  |b IKM 
999 |a MARS 
999 f f |s 06c82f84-6777-352e-b442-82b141dd37d8  |i 1fe27929-6fab-313f-9d41-1b8521d51a57  |t 0 
952 f f |a Texas A&M University  |b College Station  |c Electronic Resources  |d Available Online  |t 0  |e LC4710.G7 S3 2003eb  |h Library of Congress classification 
998 f f |a LC4710.G7 S3 2003eb  |t 0  |l Available Online